عرض عادي عرض مارك
  • Butler, Paul,

مدخل إسم شخص

عدد التسجيلات المستخدمة في: 1

001 - رقم الضبط

  • حقل الضبط: 13925

003 - معرف رقم الضبط

  • حقل الضبط: OSt

005 - تاريخ ووقت أخر عملية

  • حقل الضبط: 20120513234210.0

008 - عناصر بيانات ثابتة الطول

  • حقل تحكم ثابت الطول: 120513|||a|||||| | ||| d

040 ## - مصدر الفهرسة

  • هيئة الفهرسة الأصلية: OSt
  • وكالة الكتابة: OSt

100 ## - مدخل -- أسم شخص

  • إسم شخص: Butler, Paul,
  • تواريخ مرتبطة بالاسم: 1952 June 4-

670 ## - بيانات المصدر موجوده

  • الاستشهاد بالمصدر: Work cat.: (OSt)24205: Applied radiological anatomy for medical students /, 2007.